<?xml version="1.0" encoding="UTF-8"?>
<record
    xmlns:xsi="http://www.w3.org/2001/XMLSchema-instance"
    xsi:schemaLocation="http://www.loc.gov/MARC21/slim http://www.loc.gov/standards/marcxml/schema/MARC21slim.xsd"
    xmlns="http://www.loc.gov/MARC21/slim">

  <leader>03766njm a2200553Ia 4500</leader>
  <controlfield tag="001">25661</controlfield>
  <controlfield tag="003">IT-RoPAU</controlfield>
  <controlfield tag="005">20220918181120.0</controlfield>
  <controlfield tag="008">131025s9999    xx            000 0 und d</controlfield>
  <datafield tag="040" ind1=" " ind2=" ">
    <subfield code="a">IT-RoPAU</subfield>
  </datafield>
  <datafield tag="040" ind1=" " ind2=" ">
    <subfield code="c">IT-RoPAU</subfield>
  </datafield>
  <datafield tag="041" ind1=" " ind2=" ">
    <subfield code="a">ITALIANO</subfield>
  </datafield>
  <datafield tag="999" ind1=" " ind2=" ">
    <subfield code="c">99696</subfield>
    <subfield code="d">99696</subfield>
  </datafield>
  <datafield tag="999" ind1=" " ind2=" ">
    <subfield code="b">n.d.</subfield>
  </datafield>
  <datafield tag="100" ind1=" " ind2=" ">
    <subfield code="a">AA.VV.</subfield>
    <subfield code="9">794</subfield>
  </datafield>
  <datafield tag="100" ind1=" " ind2=" ">
    <subfield code="e">Autore musica</subfield>
    <subfield code="9">13202</subfield>
  </datafield>
  <datafield tag="100" ind1=" " ind2=" ">
    <subfield code="g">Codice autore musica SPICS: 12000</subfield>
    <subfield code="9">796</subfield>
  </datafield>
  <datafield tag="245" ind1=" " ind2=" ">
    <subfield code="a">Una gita a li castelli</subfield>
  </datafield>
  <datafield tag="250" ind1=" " ind2=" ">
    <subfield code="a">1a ed.</subfield>
  </datafield>
  <datafield tag="260" ind1=" " ind2=" ">
    <subfield code="a">MILANO</subfield>
  </datafield>
  <datafield tag="260" ind1=" " ind2=" ">
    <subfield code="b">JOKER - W. GURTLER</subfield>
    <subfield code="c">1972 [1a Ed.:1972 - Ed. Lingua Orig.: 1972]</subfield>
  </datafield>
  <datafield tag="300" ind1=" " ind2=" ">
    <subfield code="a">DISCO</subfield>
  </datafield>
  <datafield tag="500" ind1=" " ind2=" ">
    <subfield code="a">Canzone italiana. Canzone popolare folk romanesca. Castelli romani. Stornelli</subfield>
  </datafield>
  <datafield tag="505" ind1=" " ind2=" ">
    <subfield code="a">Nann&#xEC;-Una gita a li castelli - Come &#xE8; bello fa l'amore quanno &#xE8; sera - Serenata sincera - Passione romana - Madonna dell'angeli - Lupo de fiume - Vecchia Roma - Pupo biondo - Me pizzica me mozzica - Casa mia-Casetta de Trastevere - Quanno er sole de Roma... Lascia li sette colli - Nonna</subfield>
  </datafield>
  <datafield tag="650" ind1=" " ind2=" ">
    <subfield code="a">FOLK [DISCHI]</subfield>
    <subfield code="e">Codice MATERIA SPICS: 9950</subfield>
    <subfield code="9">1209</subfield>
  </datafield>
  <datafield tag="700" ind1=" " ind2=" ">
    <subfield code="a">Amici Alvaro</subfield>
    <subfield code="g">Codice interprete SPICS: 7854</subfield>
    <subfield code="e">Interprete</subfield>
    <subfield code="9">13203</subfield>
  </datafield>
  <datafield tag="700" ind1=" " ind2=" ">
    <subfield code="a">Silvestri Franco</subfield>
    <subfield code="g">Codice autore testo/musica SPICS: 13543</subfield>
    <subfield code="e">Autore testo/musica</subfield>
    <subfield code="p">Nann&#xEC;-Una gita a li castelli</subfield>
    <subfield code="9">13204</subfield>
  </datafield>
  <datafield tag="700" ind1=" " ind2=" ">
    <subfield code="a">Simi Gino</subfield>
    <subfield code="g">Codice autore musica SPICS: 13456</subfield>
    <subfield code="e">Autore musica</subfield>
    <subfield code="p">Come &#xE8; bello fa l'amore quanno &#xE8; sera</subfield>
    <subfield code="9">13205</subfield>
  </datafield>
  <datafield tag="700" ind1=" " ind2=" ">
    <subfield code="a">Neri Ennio</subfield>
    <subfield code="g">Codice autore SPICS: 13457</subfield>
    <subfield code="e">Autore</subfield>
    <subfield code="p">Come &#xE8; bello fa l'amore quanno &#xE8; sera - Serenata sincera</subfield>
    <subfield code="9">13206</subfield>
  </datafield>
  <datafield tag="700" ind1=" " ind2=" ">
    <subfield code="a">Martelli Augusto</subfield>
    <subfield code="g">Codice autore testo/musica SPICS: 11006</subfield>
    <subfield code="e">Autore testo/musica</subfield>
    <subfield code="p">Come &#xE8; bello fa l'amore quanno &#xE8; sera - Serenata sincera</subfield>
    <subfield code="9">13207</subfield>
  </datafield>
  <datafield tag="700" ind1=" " ind2=" ">
    <subfield code="a">Derevitsky Alessandro</subfield>
    <subfield code="g">Codice autore musica SPICS: 13617</subfield>
    <subfield code="e">Autore musica</subfield>
    <subfield code="p">Serenata sincera</subfield>
    <subfield code="9">13208</subfield>
  </datafield>
  <datafield tag="700" ind1=" " ind2=" ">
    <subfield code="a">Balzani Romolo</subfield>
    <subfield code="g">Codice autore musica SPICS: 13637</subfield>
    <subfield code="e">Autore musica</subfield>
    <subfield code="p">Passione romana</subfield>
    <subfield code="9">13209</subfield>
  </datafield>
  <datafield tag="700" ind1=" " ind2=" ">
    <subfield code="a">Lupi</subfield>
    <subfield code="g">Codice autore SPICS: 16134</subfield>
    <subfield code="e">Autore</subfield>
    <subfield code="p">Passione romana - Nonna</subfield>
    <subfield code="9">13210</subfield>
  </datafield>
  <datafield tag="700" ind1=" " ind2=" ">
    <subfield code="a">Balilla Pratella F.</subfield>
    <subfield code="g">Codice autore testo/musica SPICS: 16132</subfield>
    <subfield code="e">Autore testo/musica</subfield>
    <subfield code="p">Passione romana</subfield>
    <subfield code="9">13211</subfield>
  </datafield>
  <datafield tag="700" ind1=" " ind2=" ">
    <subfield code="a">Micheli Giuseppe</subfield>
    <subfield code="g">Codice autore musica SPICS: 13556</subfield>
    <subfield code="e">Autore musica</subfield>
    <subfield code="p">Madonna dell'angeli</subfield>
    <subfield code="9">13212</subfield>
  </datafield>
  <datafield tag="700" ind1=" " ind2=" ">
    <subfield code="a">Rossi Carlo Alberto (Cicero)</subfield>
    <subfield code="g">Codice autore testo/musica SPICS: 13130</subfield>
    <subfield code="e">Autore testo/musica</subfield>
    <subfield code="p">Madonna dell'angeli</subfield>
    <subfield code="9">13213</subfield>
  </datafield>
  <datafield tag="700" ind1=" " ind2=" ">
    <subfield code="a">Balzani Romolo</subfield>
    <subfield code="g">Codice autore musica SPICS: 13637</subfield>
    <subfield code="e">Autore musica</subfield>
    <subfield code="p">Lupo de fiume</subfield>
    <subfield code="9">13214</subfield>
  </datafield>
  <datafield tag="700" ind1=" " ind2=" ">
    <subfield code="a">Ceccarelli</subfield>
    <subfield code="g">Codice autore testo/musica SPICS: 16133</subfield>
    <subfield code="e">Autore testo/musica</subfield>
    <subfield code="p">Lupo de fiume</subfield>
    <subfield code="9">13215</subfield>
  </datafield>
  <datafield tag="700" ind1=" " ind2=" ">
    <subfield code="a">Ruccione Mario</subfield>
    <subfield code="g">Codice autore testo/musica SPICS: 13479</subfield>
    <subfield code="e">Autore musica</subfield>
    <subfield code="p">Vecchia Roma</subfield>
    <subfield code="9">13216</subfield>
  </datafield>
  <datafield tag="700" ind1=" " ind2=" ">
    <subfield code="a">Fagiolo Maurizio</subfield>
    <subfield code="g">Codice autore musica SPICS: 6842</subfield>
    <subfield code="e">Autore musica</subfield>
    <subfield code="p">Pupo biondo</subfield>
    <subfield code="9">13217</subfield>
  </datafield>
  <datafield tag="700" ind1=" " ind2=" ">
    <subfield code="a">Lai Francis</subfield>
    <subfield code="g">Codice autore testo/musica SPICS: 10971</subfield>
    <subfield code="e">Autore testo/musica</subfield>
    <subfield code="p">Pupo biondo</subfield>
    <subfield code="9">13218</subfield>
  </datafield>
  <datafield tag="700" ind1=" " ind2=" ">
    <subfield code="a">Manfredi Nino</subfield>
    <subfield code="g">Codice autore musica SPICS: 11556</subfield>
    <subfield code="e">Autore musica</subfield>
    <subfield code="p">Me pizzica me mozzica</subfield>
    <subfield code="9">13219</subfield>
  </datafield>
  <datafield tag="700" ind1=" " ind2=" ">
    <subfield code="a">De Angelis Maurizio</subfield>
    <subfield code="g">Codice autore SPICS: 10855</subfield>
    <subfield code="e">Autore</subfield>
    <subfield code="p">Me pizzica me mozzica - Nonna</subfield>
    <subfield code="9">13220</subfield>
  </datafield>
  <datafield tag="700" ind1=" " ind2=" ">
    <subfield code="a">De Angelis Guido</subfield>
    <subfield code="g">Codice autore testo/musica SPICS: 10854</subfield>
    <subfield code="e">Autore testo/musica</subfield>
    <subfield code="p">Me pizzica me mozzica</subfield>
    <subfield code="9">13221</subfield>
  </datafield>
  <datafield tag="700" ind1=" " ind2=" ">
    <subfield code="a">Simeone M.</subfield>
    <subfield code="g">Codice autore musica SPICS: 15527</subfield>
    <subfield code="e">Autore musica</subfield>
    <subfield code="p">Casa mia-Casetta de Trastevere</subfield>
    <subfield code="9">13222</subfield>
  </datafield>
  <datafield tag="700" ind1=" " ind2=" ">
    <subfield code="a">De Torres Ferrante Alvaro</subfield>
    <subfield code="g">Codice autore SPICS: 13636</subfield>
    <subfield code="e">Autore</subfield>
    <subfield code="p">Casa mia-Casetta de Trastevere</subfield>
    <subfield code="9">13223</subfield>
  </datafield>
  <datafield tag="700" ind1=" " ind2=" ">
    <subfield code="a">Del Pelo Alfredo</subfield>
    <subfield code="g">Codice autore testo/musica SPICS: 13542</subfield>
    <subfield code="e">Autore testo/musica</subfield>
    <subfield code="p">Casa mia-Casetta de Trastevere</subfield>
    <subfield code="9">13224</subfield>
  </datafield>
  <datafield tag="700" ind1=" " ind2=" ">
    <subfield code="a">Alfieri Amleto</subfield>
    <subfield code="g">Codice autore testo/musica SPICS: 13722</subfield>
    <subfield code="e">Autore testo/musica</subfield>
    <subfield code="p">Quanno er sole de Roma... Lascia li sette colli</subfield>
    <subfield code="9">13225</subfield>
  </datafield>
  <datafield tag="942" ind1=" " ind2=" ">
    <subfield code="c">MD</subfield>
    <subfield code="2">ddc</subfield>
  </datafield>
  <datafield tag="952" ind1=" " ind2=" ">
    <subfield code="0">0</subfield>
    <subfield code="1">0</subfield>
    <subfield code="4">0</subfield>
    <subfield code="6">25661_000000000000000</subfield>
    <subfield code="7">1</subfield>
    <subfield code="a">SPICS</subfield>
    <subfield code="b">SPICS</subfield>
    <subfield code="d">2013-10-25</subfield>
    <subfield code="l">0</subfield>
    <subfield code="o">25661</subfield>
    <subfield code="r">2013-10-25 00:00:00</subfield>
    <subfield code="w">2013-10-25</subfield>
    <subfield code="y">MD</subfield>
    <subfield code="z">Progr. Ins.: 5535 / N.Vol.: 1 / Copie: 1 - Copia rara: n.d. / date import: 01.01.2014 - By Epidotti, Trombetti, Vaglietti</subfield>
  </datafield>
</record>
